000 00643nam a2200205 i 4500
001 26740
003 ES-MaACL
005 20251004063052.0
007 t|
008 030110s1903 fr ||||1| fre d
100 1 _aArréat, Lucien,
_d1841-1922
_923233
245 1 3 _aLe sentiment religeux en France /
_cLucien Arréat.
260 _aParís :
_bE. Arrault,
_c1903.
300 _aVI, 158 p. ;
_c19 cm.
490 1 _aBibliothèque de philosophie contemporaine
650 4 _aReligiosidad-
_zFrancia.
_9166939
830 0 _aBibliothèque de philosophie contemporaine
_9181027
852 _aES-MaACL
_jF-12173
999 _c26740
_d26740